000 00585nam a2200229Ia 4500
003 OSt
005 20220928102337.0
006 a|||||r|||| 00| 0
007 ta
008 220927b |||||||| |||| 00| 0 eng d
024 _a55985
037 _cTextual
040 _aSDCL
_cSDCL
_beng
041 _2eng
_aeng
082 _aO152,3N255,4, M4.1
100 _aAmarkant
245 0 _aAmarkant ki kahaniyan.
260 _aAllahabad
_bKratikar
_c1984
300 _a155p.
_ccm.
942 _hO152,3N255,4, M4.1
_cTEXL
_2CC
999 _c713657
_d713657